000
00395nam a2200157Ia 4500
008
090711s9999 xx 000 0 und d
082
_b
23179
100
_a
बुवा वि. आ.
245
_a
फिरकी
300
_a
183
600
_a
बुवा वि. आ.
630
_a
फिरकी
700
_a
बुवा वि. आ.
730
_a
फिरकी
942
_c
BOOK
999
_c
299522
_d
299522